UEFA Champions League Winning Captains - Statistics

General Stats
  • This quiz has been taken 730 times
    254 since last reset
  • The average score is 21 of 33
Answer Stats
Year Club Captain % Correct
2016 Real Madrid Sergio Ramos
92%
2017 Real Madrid Sergio Ramos
92%
2018 Real Madrid Sergio Ramos
92%
2011 Barcelona Xavi
87%
2015 Barcelona Andres Iniesta
86%
2006 Barcelona Carles Puyol
86%
2009 Barcelona Carles Puyol
86%
2020 Bayern Munich Manuel Neuer
86%
2025 Paris St-Germain Marquinhos
85%
2013 Bayern Munich Philipp Lahm
85%
2003 AC Milan Paolo Maldini
83%
2007 AC Milan Paolo Maldini
83%
2005 Liverpool Steven Gerrard
83%
2014 Real Madrid Iker Casillas
81%
2019 Liverpool Jordan Henderson
80%
2012 Chelsea Frank Lampard
79%
2008 Man United Rio Ferdinand
70%
2023 Manchester City İlkay Gündoğan
69%
2010 Inter Milan Javier Zanetti
68%
2021 Chelsea César Azpilicueta
64%
2022 Real Madrid Marcelo
61%
2024 Real Madrid Nacho
59%
2002 Real Madrid Fernando Hierro
58%
1997 Borussia Dortmund Matthias Sammer
47%
1993 Marseille Didier Deschamps
46%
1999 Man United Peter Schmeichel
41%
2004 Porto Jorge Costa
30%
2001 Bayern Munich Stefan Effenberg
26%
1995 Ajax Danny Blind
19%
1998 Real Madrid Manolo Sanchís
18%
2000 Real Madrid Fernando Redondo
17%
1996 Juventus Gianluca Vialli
16%
1994 AC Milan Mauro Tassotti
11%
No matching quizzes found
Score Distribution
Percent of People with Each Score
Percentile by Number Answered
Your Score History
You have not taken this quiz since the last reset